[Event "VEN pre olympic1 (Women)"]
[Site "Caracas"]
[Date "2018.04.06"]
[Round "6"]
[White "Descarrega Zacarias, Vanessa"]
[Black "Otazo Sanchez, Annyd Gabriela"]
[Result "1/2-1/2"]
[WhiteElo "1939"]
[BlackElo "1980"]
[PlyCount "130"]
[EventDate "2018.04.04"]
[EventType "tourn"]
[EventRounds "7"]
[EventCountry "VEN"]
[SourceTitle "EXT 2019"]
[Source "ChessBase"]
[SourceDate "2018.10.10"]
[SourceVersion "1"]
[SourceVersionDate "2018.10.10"]
[SourceQuality "1"]

1. e4 e5 2. Nf3 Nf6 3. Nxe5 d6 4. Nf3 Nxe4 5. Nc3 Nxc3 6. dxc3 Be7 7. Be3 0-0 8. Qd2 Nc6 9. 0-0-0 Be6 10. Kb1 Ne5 11. h3 Nxf3 12. gxf3 Qd7 13. h4 a5 14. h5 Qa4 15. b3 Qc6 16. Rg1 Bf6 17. Bd4 Bxd4 18. Qxd4 f6 19. Qe3 Rae8 20. Bd3 Rf7 21. Qh6 f5 22. Rde1 Qd7 23. Qg5 a4 24. Re2 axb3 25. cxb3 Qe7 26. Kb2 Qxg5 27. Rxg5 Rff8 28. f4 Bd7 29. Kc2 Rxe2+ 30. Bxe2 Bc6 31. Kd2 Be4 32. Bd3 d5 33. Bxe4 dxe4 34. Rg3 Rf6 35. f3 Rd6+ 36. Ke2 exf3+ 37. Rxf3 Rh6 38. Rh3 Kf7 39. Kf3 g6 40. Kg3 gxh5 41. Kf3 Kf6 42. Kg3 Rg6+ 43. Kh4 Rh6 44. Kg3 Rg6+ 45. Kh4 Rg4+ 46. Kxh5 Kf7 47. Rh2 Rxf4 48. Kg5 Rg4+ 49. Kxf5 Rg7 50. a4 Ke7 51. b4 Kd6 52. c4 Rf7+ 53. Ke4 Rg7 54. c5+ Kc6 55. Rh6+ Kd7 56. Kf5 Re7 57. b5 Rf7+ 58. Ke5 Re7+ 59. Kd4 Rg7 60. Rh4 h5 61. Rxh5 Rg4+ 62. Kd5 c6+ 63. bxc6+ bxc6+ 64. Ke5 Rxa4 65. Rh7+ Kd8 1/2-1/2

[Event "American Continental 13th"]
[Site "Medellin"]
[Date "2017.06.17"]
[Round "10"]
[White "Diaz, Brian"]
[Black "Descarrega Zacarias, Vanessa"]
[Result "1/2-1/2"]
[WhiteElo "1751"]
[BlackElo "1883"]
[PlyCount "47"]
[EventDate "2017.06.10"]
[EventType "swiss"]
[EventRounds "11"]
[EventCountry "COL"]
[SourceTitle "CBM 178 Extra"]
[Source "ChessBase"]
[SourceDate "2017.06.22"]
[SourceVersion "1"]
[SourceVersionDate "2017.06.22"]
[SourceQuality "1"]

1. d4 d5 2. e3 Nf6 3. Bd3 e6 4. Nd2 Nbd7 5. f4 c5 6. c3 Bd6 7. Ngf3 c4 8. Bc2 b5 9. 0-0 b4 10. Nb1 a5 11. b3 Nb6 12. Bb2 Bd7 13. Ne5 a4 14. cxb4 axb3 15. axb3 Rxa1 16. Bxa1 cxb3 17. Bxb3 Bxb4 18. Bc3 Qe7 19. Be1 0-0 20. Bh4 Bb5 21. Rf3 Nc4 22. Ng4 Nb2 23. Nxf6+ Kh8 24. Qd2 1/2-1/2

[Event "South America School-ch"]
[Site "Aracaju"]
[Date "2014.12.07"]
[Round "4.4"]
[White "Fuentealba, Maria Jose"]
[Black "Descarrega Zacarias, Vanessa"]
[Result "0-1"]
[WhiteElo "1603"]
[BlackElo "1696"]
[PlyCount "67"]
[EventDate "2014.12.06"]
[EventType "team-swiss"]
[EventRounds "7"]
[EventCountry "BRA"]
[SourceTitle "EXT 2016"]
[Source "ChessBase"]
[SourceDate "2015.10.08"]
[SourceVersion "1"]
[SourceVersionDate "2015.10.08"]
[SourceQuality "1"]
[WhiteTeam "Chile"]
[BlackTeam "Venezuela"]
[WhiteTeamCountry "CHI"]
[BlackTeamCountry "VEN"]

1. e4 c5 2. Nf3 d6 3. d4 cxd4 4. Nxd4 Nf6 5. Nc3 a6 6. Bc4 e6 7. Bb3 b5 8. f4 Bb7 9. 0-0 Nbd7 10. Be3 Be7 11. Bxe6 Nc5 12. Bxf7+ Kxf7 13. e5 Nfe4 14. Nxe4 Bxe4 15. e6+ Nxe6 16. Nxe6 Kxe6 17. f5+ Kf7 18. Qh5+ Kf8 19. Rae1 Qe8 20. Qg4 d5 21. f6 Bxf6 22. Bc5+ Kf7 23. Re3 Qe6 24. Qh5+ Kg8 25. Rg3 Bg6 26. Qf3 Qe4 27. Qd1 Rc8 28. b4 h6 29. Rg4 Qe8 30. Qxd5+ Kh7 31. Qb7 Qc6 32. Qxc6 Rxc6 33. h3 Re8 34. Rg3 0-1